Larraga del año 1822, ó Prontuario de teología moral conforme á las doctrinas eclesiásticas y políticas vigentes en España (Record no. 157140)

MARC details
000 -LEADER
campo de control de longitud fija 00842nam a2200181 4500
001 - NÚMERO DE CONTROL
campo de control 157140
003 - IDENTIFICADOR DE NÚMERO DE CONTROL
campo de control ES-MaACL
005 - FECHA Y HORA DE LA ÚLTIMA TRANSACCIÓN
campo de control 20250830061158.0
008 - DATOS DE LONGITUD FIJA--INFORMACIÓN GENERAL
campo de control de longitud fija 950322s1822 sp |||| | spa d
040 ## - FUENTE DE CATALOGACIÓN
Centro catalogador/agencia de origen EUS
Lengua de catalogación spa
Centro/agencia transcriptor EUS
245 00 - MENCIÓN DEL TÍTULO
Título Larraga del año 1822, ó Prontuario de teología moral conforme á las doctrinas eclesiásticas y políticas vigentes en España
Resto del título : obra interesante, no solo á los ecleiásticos, sino á los seculares de uno y otro sexo /
Mención de responsabilidad, etc. por dos individuos del clero español amantes de sus compratiotas.
260 ## - PUBLICACIÓN, DISTRIBUCIÓN, ETC.
Lugar de publicación, distribución, etc. Madrid :
Nombre del editor, distribuidor, etc. [s.n.],
Fecha de publicación, distribución, etc. 1822 (
Fabricante Imprenta de D.Juan Brugada)
300 ## - DESCRIPCIÓN FÍSICA
Extensión 2 v. ;
Dimensiones 21 cm.
650 #7 - PUNTO DE ACCESO ADICIONAL DE MATERIA--TÉRMINO DE MATERIA
Término de materia o nombre geográfico como elemento de entrada Moral cristiana
Fuente del encabezamiento o término
9 (RLIN) 142371
700 01 - ENTRADA AGREGADA--NOMBRE PERSONAL
Nombre de persona Individuos del clero español amantes de sus compratiotas, dos.
9 (RLIN) 222722
852 ## - LOCALIZACIÓN
Ubicación ES-MaACL
Número de control de estantería G-13156-13157
Nota libre -- Enc. hol.
Holdings
Estatus retirado Estado de pérdida Estado de daño No para préstamo Colección Biblioteca de origen Biblioteca actual Ubicación en estantería Fecha de adquisición Fuente de adquisición Total de préstamos Signatura topográfica completa Código de barras Visto por última vez Precio de reemplazo Tipo de ítem Koha
        Libros del s. XIX Biblioteca del Ateneo de Madrid Biblioteca del Ateneo de Madrid Sala Pecera Planta 3 17/01/2008     G-13156-13157 1164416 23/02/2023 23/02/2023 Libro impreso antiguo